BIBLIOTECA PODER JUDICIAL
Portal Judicial TDF

Delegación del ejercicio de la responsabilidad parental : (Registro nro. 5876)

000 -LEADER
fixed length control field 00912nab a22001937a 4500
003 - CONTROL NUMBER IDENTIFIER
control field OSt
005 - DATE AND TIME OF LATEST TRANSACTION
control field 20260109013944.0
008 - FIXED-LENGTH DATA ELEMENTS--GENERAL INFORMATION
fixed length control field 190514b xxu||||| |||| 00| 0 spa d
040 ## - CATALOGING SOURCE
Transcribing agency PJ
100 ## - MAIN ENTRY--PERSONAL NAME
9 (RLIN) 6759
Personal name Astrada, Gustavo O.
245 10 - TITLE STATEMENT
Title Delegación del ejercicio de la responsabilidad parental :
Remainder of title la persona del delegatario /
Statement of responsibility, etc Gustavo O. Astrada.
300 ## - PHYSICAL DESCRIPTION
Extent p. 38-44
505 ## - FORMATTED CONTENTS NOTE
Formatted contents note Sumario: I. Aclaración preliminar. Delimitación.— II. Consideraciones preliminares sobre la delegación del ejercicio de la responsabilidad parental.— III. La persona del delegatario.— IV. Reflexión final.
505 ## - FORMATTED CONTENTS NOTE
Title Si te interesa el texto, comunicate a koha@justierradelfuego.gov.ar
650 #0 - SUBJECT ADDED ENTRY--TOPICAL TERM
9 (RLIN) 967
Topical term or geographic name as entry element DERECHO DE FAMILIA
650 #0 - SUBJECT ADDED ENTRY--TOPICAL TERM
9 (RLIN) 1015
Topical term or geographic name as entry element RESPONSABILIDAD PARENTAL
773 0# - HOST ITEM ENTRY
Host Biblionumber 2844
Host Itemnumber 3222
Place, publisher, and date of publication Buenos Aires : AbeledoPerrot, 1989-
Title Derecho de familia. N° 121 - Septiembre 2025
International Standard Book Number 18511201
942 ## - ADDED ENTRY ELEMENTS (KOHA)
Source of classification or shelving scheme
Koha item type Analítica Artículo de Revista

No hay ítems disponibles.

12 de Octubre 789 Ushuaia - Tel:  54(02901)441571
Horario de Atención: 8.00 a 17.00 hs. 
bibliotecaush@justierradelfuego.gov.ar
koha@justierradelfuego.gov.ar
Seguinos en nuestras redes @bibliojustdf 

Con tecnología Koha